| 000 | 00440nam a2200181Ia 4500 | ||
|---|---|---|---|
| 008 | 240925s9999 xx 000 0 und d | ||
| 020 | _aNA | ||
| 082 | _a297.2 SAL | ||
| 100 | _aSalman, Muhammad | ||
| 245 | 0 | _aAllah Wallo Ki Maqboliat Ka Raz | |
| 250 | _aNA | ||
| 260 |
_aLahore: _bBeatul Ullom _cNA |
||
| 300 |
_a275p. _bN.A _fOriginal |
||
| 500 | _aNA | ||
| 600 | _aHumanities & Natural Science | ||
| 650 | _aReligion | ||
| 942 | _cBK | ||
| 999 |
_c10920 _d10920 |
||